01309nab a22002417a 4500003000400000005001700004008004100021040000700062100002300069245004900092260007300141300001500214500004500229505043700274505009000711650001500801650003300816650001800849650002600867653002300893653001800916773013300934OSt20250306130208.0190603e xxum|||| |||| 00| 0 spa d cPJ aWayar, Federico C.10aForma de los contratos /cFederico C. Wayar. cCiudad Autónoma de Buenos Aires :aThomson Reuters La Ley, b2024. ap. 205-215 aCita Online: TR LALEY AR/DOC/1629/2024.  aSumario: I. La forma esencial de validez de las declaraciones contractuales.— II. La forma y las nuevas tecnologías de la información. Instrumentos electrónicos, digitales y soportes audiovisuales.— III. Contratos formales.— IV. Contratos no formales.— V. La solemnidad relativa del art. 1017.— VI. La conversión del negocio jurídico.— VII. El juicio de escrituración y de otorgamiento pendiente de la forma. t¿Te interesa el texto completo? Solicitalo al correo: koha@justierradelfuego.gov.ar  0aCONTRATOS  0aTECNOLOGIA DE LA INFORMACION 0aESCRITURACION 0aBOLETO DE COMPRAVENTA aFORMA DEL CONTRATO aFORMA ESCRITA0 02713dCiudad Autónoma de Buenos Aires : Thomson Reuters La Ley, 2015-tRevista Código Civil y Comercial. Nº 4 - Agosto 2024